000 00568nam a2200217Ia 4500
005 20241129120152.0
008 241129s9999||||xx |||||||||||||| ||und||
020 _a9789393758057
037 _aTB
040 _aSDCL
_beng
_cSDCL
041 _aeng
_2eng
084 _aR6xM63, R3
_qSDCL
100 _aPradhan Avdhesh Ed.
_9728244
245 0 _aSetu vichar: Vivekanand
260 _aNoida
_bSetu Prakashan
_c2023
300 _ax,548p.
365 _aINR
_b525
650 _aPolitical Science
942 _cTB
_hR6xM63, R3
999 _c1233638
_d1233638